000 00527pab a2200181 454500
008 180718b2013 xxu||||| |||| 00| 0 eng d
100 _aRivetti, Paola
245 _aEmpowerment without emancipation: Performativity and polotical activism among Iranian refugees in Italy and Turkey
260 _c2013
300 _ap.305-320.
362 _aNov
650 _aRefugees - Turkey
650 _aRefugees - Italy
650 _aRefugees
773 _aAlternatives, Global, Local, Political
908 _aN
909 _a104088
999 _c104084
_d104084